00406nam a2200157Ia 4500003000400000008004100004040001600045082001300061100001800074245003700092260005500129300001000184650000900194650001300203650003200216GCL140319s9999 xx 000 0 eng d aGCL / cGCL04a761bF M1 aFLAM, JACK D.10aMATISSE ON ART / cFLAM, JACK D. a[S.N] : bUNIVERSITY OF CALIFORNIA PRESS ، c1994 a199 P04aARTS04aPAINTING04aMATISSE, HENRI, 1869 - 1954